000 00308nam a2200109Ia 4500
008 220216s9999 xx 000 0 und d
100 _aMathew K J
245 0 _aWill the Indian natural rubber industry weather the Asian crisis? Pt.1.
260 _bIndian Rubber Journal
_c1999
300 _a68-77
942 _cJS
999 _c72444
_d72444